Fundamentals of classical thermodynamics (Record no. 14470)

000 -LEADER
fixed length control field 00490nam a22001937a 4500
001 - CONTROL NUMBER
control field 14470
003 - CONTROL NUMBER IDENTIFIER
control field BD-DhUET
008 - FIXED-LENGTH DATA ELEMENTS--GENERAL INFORMATION
fixed length control field 150308b xxu||||| |||| 00| 0 eng d
040 ## - CATALOGING SOURCE
Transcribing agency 0
Modifying agency BD-DhUET
082 ## - DEWEY DECIMAL CLASSIFICATION NUMBER
Classification number 536.7
Item number VAN/1985
100 ## - MAIN ENTRY--PERSONAL NAME
Personal name Van Wylen, Gordon J.
245 ## - TITLE STATEMENT
Title Fundamentals of classical thermodynamics
250 ## - EDITION STATEMENT
Edition statement 3rd ed.
260 ## - PUBLICATION, DISTRIBUTION, ETC. (IMPRINT)
Place of publication, distribution, etc. New York
Name of publisher, distributor, etc. John Wiley & Sons
Date of publication, distribution, etc. 1985
300 ## - PHYSICAL DESCRIPTION
Extent xiv, 722 p.
650 #0 - SUBJECT ADDED ENTRY--TOPICAL TERM
Topical term or geographic name as entry element Thermodynamics
700 ## - ADDED ENTRY--PERSONAL NAME
Personal name Sonntag, Richard E.
942 ## - ADDED ENTRY ELEMENTS (KOHA)
Koha item type General Book
Holdings
Koha normalized classification for sorting Lost status Price effective from Copy number Withdrawn status Koha date last seen Location (home branch) Koha item type Date acquired Koha date last borrowed Damaged status Shelving location Sublocation or collection (holding branch) Not for loan Koha full call number Koha issues (times borrowed) Source of classification or shelving scheme Piece designation (barcode)
536_700000000000000_VAN_1985 2015-03-081 2025-06-23Central Library, BUETGeneral Book2015-03-082025-05-26 Circulation sectionCentral Library, BUET 536.7/VAN/19852 68588
536_700000000000000_VAN_1985 2015-03-102 2023-05-08Central Library, BUETGeneral Book2015-03-102023-04-30 Circulation sectionCentral Library, BUET 536.7/VAN/19854 68590
536_700000000000000_VAN_1985 2015-03-103 2023-12-11Central Library, BUETGeneral Book2015-03-102023-12-02 Circulation sectionCentral Library, BUET 536.7/VAN/19852 68592
536_700000000000000_VAN_1985 2015-03-164 2024-02-18Central Library, BUETGeneral Book2015-03-162023-12-02 Circulation sectionCentral Library, BUET 536.7/VAN/19852 68589